000 00314nam a2200133Ia 4500
005 20260328104302.0
008 260328s9999||||xx |||||||||||||| ||und||
100 _aMarai, Sándor
245 0 _a¡Tierra, Tierra! /
_cSándor Marai
260 _bSalamandra
300 _a446 p.
650 _aNOVELAS
942 _cBK
999 _c10634
_d10634